• 首页
  • 本馆介绍
  • 公告通知
  • 最新文献
  • 馆藏检索
  • 电子资源
  • 读者导购
  • 参考咨询
  • 我的图书馆
  • 登录
  • 详细信息显示
  • 放入我的书架
  • 预约/预借图书
  • 作者相关作品
  • 分类相关作品
  • 丛书相关作品
  • 出版社相关作品

书目信息

  • 表格格式
  • 工作单格式
  • 卡片格式
题名:
压电与铁电材料的测量
    
 
作者: 李远 编著
分册:  
出版信息: 北京   科学出版社  1984
页数: 342页
开本: 21cm
丛书名: 实验物理学丛书
单 册:
中图分类: TM220.6 , TM226
科图分类:
主题词: 压电材料--测量 , 铁电材料--测量 , 电介质--强性 , 电介质--压电
电子资源:
ISBN:
000 00818nam2 2200313 45
001 0184016669
005 20040521105544.6
010    @dCNY2.10
091    @a13031.2633
100    @a19950623d1984 emky0chiy0121 ea
101 0  @achi
102    @aCN@b110000
105    @ay z 000yy
106    @ar
200 10 @a压电与铁电材料的测量@Aya dian yu tie dian cai liao de ce liang@f李远编著
210    @a北京@c科学出版社@d1984
215    @a342页@d21cm
225 2  @a实验物理学丛书
410  0 @120010@a实验物理学丛书
606    @a压电材料@x测量
606    @a铁电材料@x测量
606 0  @a电介质@x强性
606 0  @a电介质@x压电
690    @aTM220.6@v3
690    @aTM226
701  0 @a李远@Ali yuan@4编著
801  0 @aCN@b上海图书馆@c20040521
801  2 @aCN@bNLC@c20040521
905    @f1@b121036@dTM226@e7
    
    压电与铁电材料的测量/李远编著.-北京:科学出版社,1984
    342页;21cm.-(实验物理学丛书)
    
    
    ISBN :CNY2.10
    
●
相关链接 在E读中查询图书 在五车中查询图书 在当当中查询图书 在豆瓣中查询图书


正题名:压电与铁电材料的测量     索取号:TM226/7         预约/预借

序号 登录号 条形码 馆藏地/架位号 状态 备注
1 0121036   001343576   第三借阅区/ [索取号:TM226/7] 在馆    
2 0121037   001343530   第二样本阅览室/ [索取号:TM226/7] 在馆    
唐山师范学院图书馆 欢迎您!
大连网信软件有限公司© 版权所有